| 000 | 01291nam a2200421 i 4500 | ||
|---|---|---|---|
| 001 | 22900 | ||
| 003 | KOSZ 005 | ||
| 005 | 20240405063031.0 | ||
| 008 | 981118s1984 pl a |000 0 pol | ||
| 015 | _aPB 1985/1050 | ||
| 020 | _a830300493X | ||
| 040 |
_aWA N _cWA N _dKOSZ 005/HR |
||
| 041 | 0 | _apol | |
| 046 | _k1984 | ||
| 080 | _a94(437) | ||
| 080 | _a94(430) | ||
| 080 | _a327 | ||
| 100 | 1 |
_aBernaś, Franciszek _d(1929-2015) _eAutor |
|
| 245 | 1 | 0 |
_aFall Grün / _cFranciszek Bernaś. |
| 260 |
_aWarszawa : _bKrajowa Agencja Wydawnicza, _c1984. |
||
| 300 |
_a281, [3] s., [48] s. tabl. : _b2 faks., fot., portr. ; _c16 cm. |
||
| 336 |
_2rdacontent _aTekst _btxt |
||
| 337 |
_2rdamedia _aBez urządzenia pośredniczącego _bn |
||
| 338 |
_2rdacrrier _aWolumin _bnc |
||
| 380 | _aKsiążki | ||
| 388 | _a1901-2000 | ||
| 388 | _a1945-1989 | ||
| 648 | 4 | _a1901-2000 | |
| 648 | 4 | _a1918-1939 | |
| 648 | 4 | _a1939-1945 | |
| 650 | 4 | _aPolityka międzynarodowa | |
| 651 | 4 | _aCzechosłowacja | |
| 651 | 4 | _aNiemcy | |
| 658 | _aPolityka, politologia, administracja publiczna | ||
| 658 | _aHistoria | ||
| 856 |
_uhttp://koha.tu.koszalin.pl/cgi-bin/koha/opac-detail.pl?biblionumber=22900 _yKatalog online BPK |
||
| 942 |
_2UKD _cKS |
||
| 999 |
_c22900 _d22900 |
||